| 000 | 01335cam a2200301Ia 4500 | ||
|---|---|---|---|
| 003 | data | ||
| 005 | 20260322212057.0 | ||
| 008 | data | ||
| 020 | _a0785816976 | ||
| 020 | _a9780785816973 | ||
| 040 |
_aFJD _cFJD _dUtOrBLW _dBAKER _dBTCTA _dOCLCG _dUtOrBLW |
||
| 049 | _aOSUU | ||
| 050 | 4 |
_aGT4403 _b.R56 2002 |
|
| 082 | 0 | 4 | _a394.2 |
| 092 | _a394.2 R56 2002 | ||
| 100 | 1 |
_aRiley, D. Winbush _q(Dorothy Winbush) |
|
| 245 | 1 | 4 |
_aThe complete Kwanzaa : _bcelebrating our cultural harvest / _cD. Winbush Riley. |
| 246 | _aKwanzaa : celebrating our cultural harvest. | ||
| 250 | _a1st ed. | ||
| 260 |
_aNew York : _bCastle Books, _c2002. |
||
| 300 |
_axi, 387 p. : _bill. ; _c25 cm. |
||
| 504 | _aIncludes bibliographical references (p. [371]-374) and index. | ||
| 505 | 0 | _aIntroduction to Kwanzaa -- Principle 1: Umoja -- Principle 2: Kujichagulia -- Principle 3: Ujima -- Principle 4: Ujamaa -- Principle 5: Nia -- Principle 6: Kuumba -- Principle 7: Imani -- Kwanzaa's Karamu. | |
| 520 | _aA resource guide to Kwanzaa is organized around the seven principles and describes the traditions, practices, and cultural foundations of the holiday, providing celebrants with hundreds of suggestions for gift giving, food preparation, and more. | ||
| 650 | 0 | _aKwanzaa. | |
| 650 | 0 |
_aAfrican Americans _xSocial life and customs. |
|
| 001 | data | ||
| 999 |
_c1360 _d1360 |
||